000 01432nam a2200349 c 4500
003 BLK
005 20180422103458.0
008 180408b bul|||||r ||||||| ||bul||
010 _aKNG00079437000
020 _a954-8793-77-6
_bиздат.: ЕМАС
040 _aBLK
041 _aBUL
_cBUL
080 _aПтици, които се отглеждат от човека. Декоративни и пойни птици
_b636.6
_x(035)
_z636.6(035)
100 1 _aШпайхер, Клаус
_eпърви автор
_9297201
700 1 _aАндреева, Радка
_eпрев.
_9371710
139 _aШпайхер, Клаус
_bШ 92
245 1 0 _aКанарчета
_b120 породи - пеене, цветове, позитура
_cКлаус Шпайхер; прев. Радка Андреева.
257 _aDEU
260 София
_bЕМАС
_c2007
_fСофия : Балкан прес
300 _a240 с.
_bс ил., 16 л. цв. ил.
_c20 см
380 _a63
490 1 _aДомашни любимци
500 _aОриг. загл. Kanarien / Klaus Speicher. - Офс. изд.
650 4 _aПтици, декоративни - отглеждане и болести
_9253612
653 _aдекоративни птици
653 _aканарчета
852 _aЦб 237006
856 4 _qpdf
_u
856 4 _qpdf
_u
942 _cKNG
_n0
944 _aCR
_c19.11.2007
_kЛюдмила_Стоянова
944 _aED
_c16.10.2008
_k
999 _c75029
_d75029